রাষ্ট্রচিন্তা পরিচিতি : (Record no. 46879)
[ view plain ]
| 000 -LEADER | |
|---|---|
| fixed length control field | 01098nam a2200253 a 4500 |
| 001 - CONTROL NUMBER | |
| control field | 46879 |
| 003 - CONTROL NUMBER IDENTIFIER | |
| rucl marc code | BD-RjUL |
| 005 - DATE AND TIME OF LATEST TRANSACTION | |
| control field | 20211209054225.0 |
| 008 - FIXED-LENGTH DATA ELEMENTS--GENERAL INFORMATION | |
| fixed length control field | 160804s1982 bg ||||| |||| 00| 0 ben d |
| 020 ## - INTERNATIONAL STANDARD BOOK NUMBER | |
| Terms of availability | : Tk. 100.00 |
| 035 ## - SYSTEM CONTROL NUMBER | |
| System control number | (BD-RjUL) 46998 |
| 040 ## - CATALOGING SOURCE | |
| Original cataloging agency | BD-RjUL |
| Language of cataloging | ben |
| Transcribing agency | BD-RjUL |
| 041 ## - LANGUAGE CODE | |
| Language code of text/sound track or separate title | ben |
| 082 ## - DEWEY DECIMAL CLASSIFICATION NUMBER | |
| Edition number | 23 |
| Classification number | 320.01 |
| Author mark and year | AYR 1982 |
| 100 1# - MAIN ENTRY--PERSONAL NAME | |
| Personal name | রহমান, হাবীবুর |
| 9 (RLIN) | 137823 |
| 245 10 - TITLE STATEMENT | |
| Title | রাষ্ট্রচিন্তা পরিচিতি : |
| Remainder of title | রাজনৈতিক চিন্তাধারা-প্লেটো হইতে রুশো ও মার্কস / |
| Statement of responsibility, etc. | হাবীবুর রহমান |
| 250 ## - EDITION STATEMENT | |
| Edition statement | পরি. সং. |
| 260 ## - PUBLICATION, DISTRIBUTION, ETC. (IMPRINT) | |
| Place of publication, distribution, etc. | রাজশাহী : |
| Name of publisher, distributor, etc. | মৌসুমী পাবলিকেশন্স, |
| Date of publication, distribution, etc. | ১৯৮২ |
| 300 ## - PHYSICAL DESCRIPTION | |
| Pagination | [১০], বিভিন্ন পৃ. ; |
| Size | ২১ সেমি. |
| 500 ## - GENERAL NOTE | |
| General note | নির্ঘণ্ট সংযুক্ত |
| 650 ## - SUBJECT ADDED ENTRY--TOPICAL TERM | |
| Topical term or geographic name as entry element | রাষ্ট্রবিজ্ঞান |
| General subdivision | ইতিহাস |
| 9 (RLIN) | 137824 |
| Topical term or geographic name as entry element | Political science |
| General subdivision | History |
| 9 (RLIN) | 137825 |
| 942 ## - ADDED ENTRY ELEMENTS (KOHA) | |
| Source of classification or shelving scheme | Dewey Decimal Classification |
| Koha item type | Books |
| Lost status | Source of classification or shelving scheme | Damaged status | Not for loan | Collection code | Permanent Location | Current Location | Shelving location | Date acquired | Source of acquisition | Cost, normal purchase price | Total Checkouts | Full call number | Date last seen | Date checked out | Copy number | Koha item type |
|---|---|---|---|---|---|---|---|---|---|---|---|---|---|---|---|---|
| Dewey Decimal Classification | Non-fiction | Central Library, University of Rajshahi | Central Library, University of Rajshahi | 20/09/1982 | Aligorh Library | 56.00 | 6 | B 320.01 RAR 1982 | 26/04/2026 | 05/03/2026 | C-2 | Books |